000 00429nam a2200145 4500
001 108714
003 ES-MaACL
007 t|
008 061121s1920 fr r ||||1| fre d
100 1 _aMontmorand, Maxime de.
_982663
245 1 0 _aPsychologie des mystiques catholiques orthodoxes /
_cpar Maxime de Montmorand.
260 _aParĂ­s :
_bChartres-Durand,
_c1920.
300 _aIX, 262 p. ;
_c23 cm.
852 _aES-MaACL
_jB-6878
999 _c108714
_d108714